Манфред (Запис номер 87766)
[ съкратено ]
| 000 -Лидер | |
|---|---|
| Контролно поле с фиксирана дължина | 01551nam a2200361 c 4500 |
| 003 - Код на организацията, давaща контролен номер | |
| Контролно поле | BLK |
| 005 - Дата и час на последна редакция | |
| Контролно поле | 20180422104424.0 |
| 008 - Елементи от данни с фиксирана дължина | |
| fixed length control field | 180408b bul|||||r ||||||| ||bul|| |
| 010 ## - Наследен системен номер | |
| LC control number | KNG00092418000 |
| 040 ## - Източник на каталожния запис | |
| Идентификатор на билиотеката - собственик на записа | BLK |
| 041 ## - Код за език | |
| Код за езика на текст/звукозапис или на отделно заглавие | Български |
| Код за езика КДБФ | Български |
| 080 ## - УДК | |
| Текстов определител УДК | Английска литература |
| УДК код - определител по УДК | 821.111 |
| УДК определител | -2 |
| УДК - код + определител | 821.111-2 |
| 100 1# - Редна дума - Автор | |
| Автор | Байрон, Джордж Гордън Ноуъл |
| Авторска отговорност | първи автор |
| R(LIN) | 367011 |
| 139 ## - Редно поле | |
| Редна дума | Байрон, Джордж Гордън Ноел |
| Авторски знак | Баир - Б 15 |
| 245 10 - Сведения за заглавието | |
| Заглавие | Манфред |
| Подзаглавни данни | Драм. поема |
| Редно поле (дума) | Джордж Гордън Ноуъл Байрон; прев. Людмил Стоянов; прев. Мария Грубешлиева; предг. от Цветан Николов Минков. |
| 257 ## - Страна на издаване | |
| Страна на създаване/издаване | Великобритания |
| 260 ## - Област на издателските данни | |
| -- | София |
| Име на издателя, разпространителя и проч. | Игнатов |
| Година на издаване | [1938] |
| Печатница | София : печ. Венера |
| 300 ## - Физическа характеристика | |
| Страници | 87 с. |
| Размери/Мащаб | 15 см |
| 380 ## - Жанр | |
| Жанр | Худож. лит. |
| 490 1# - СЕРИИ (Колекции) | |
| Име на серия | Библиотека за всички |
| №: серия | № 100 |
| 500 ## - Общи забележки | |
| Забележка | Без сведение за ориг. загл. - 5 000 тир. - Подв. с 6 кн. |
| 653 ## - Ключова дума – ненормативна | |
| Ключова дума | драми |
| 653 ## - Ключова дума – ненормативна | |
| Ключова дума | поеми |
| 653 ## - Ключова дума – ненормативна | |
| Ключова дума | пиеси |
| 700 1# - Други автори (авторска отговорност) | |
| Лично име | Стоянов, Людмил |
| Автороска отговорност (Описва отношението между автора и произведението) | прев. |
| Друга информация | Златарев, Георги Стоянов |
| 9 (RLIN) | 367666 |
| 700 1# - Други автори (авторска отговорност) | |
| Лично име | Грубешлиева, Мария |
| Автороска отговорност (Описва отношението между автора и произведението) | прев. |
| 9 (RLIN) | 368589 |
| 700 1# - Други автори (авторска отговорност) | |
| Лично име | Минков, Цветан Николов |
| Автороска отговорност (Описва отношението между автора и произведението) | предг. от |
| 9 (RLIN) | 373170 |
| 852 ## - Местоположение | |
| Форматна сигнатура | Цб І 18355 |
| 856 4# - Електронен адрес и достъп | |
| Електронен формат | pdf - файл |
| Път до файла /url/ | |
| 856 4# - Електронен адрес и достъп | |
| Електронен формат | pdf - файл |
| Път до файла /url/ | |
| 942 ## - АРТИКУЛИ | |
| Вид на библиотечния материал | Книги |
| Скрит в OPAC | Не |
| 944 ## - СЪЗДАВАНЕ И РЕДАКЦИЯ на ЗАПИСА | |
| Създаване/Редакция | Създаване |
| Дата на регистрацията/редакция | 05.11.2009 |
| Статус, дата на статуса | ф / |
| Служител, извършил регистрацията/редакцията | Людмила_Стоянова |
| 944 ## - СЪЗДАВАНЕ И РЕДАКЦИЯ на ЗАПИСА | |
| Създаване/Редакция | Редакция |
| Дата на регистрацията/редакция | 04.02.2010 |
| Статус, дата на статуса | ф / |
| Служител, извършил регистрацията/редакцията | |
| 999 ## - СИСТЕМНИ КОНТРОЛНИ НОМЕРА | |
| Koha biblionumber | 87766 |
| Koha biblioitemnumber | 87766 |
| Код за отписване | Код за изгубен артикул | Код за повреда | Коз за рестрикции | Код за отдаване | Артикулен № | Име на библиотеката - собственик | Име на библиотеката, в която се намира в момента | Статус (Текущо местоположение) | Дата на вписване в системата | Местоположение - отдел | Цена в лева | Инвентарен номер | Систематично азбучна сигнатура | Баркод | Номер на екземпляра | Цена в евро | Служебна бележка | Служебен тип на артикула |
|---|---|---|---|---|---|---|---|---|---|---|---|---|---|---|---|---|---|---|
| Не е изгубен | Не е повреден | без рестрикции | ползва се в читалня | 142193 | Регионална библиотека "Любен Каравелов" Русе | Регионална библиотека "Любен Каравелов" Русе | Хранилище | 2009-10-27 | Основен фонд - ползва се само за читалня | 15.00 | 120000739522 | Цб І 18355 | 120000739522 | 1 | 7.67 | Дост: DA Вид: А N: 14 Дата: 27.10.2009 | Книги |